000
00238nam a2200097Ia 4500
001
684779
005
20250826161504.0
008
250824s9999 xx 000 0 und d
245
0
_a
Aşk-ı A-la
_c
Şems-i Tebrizi
260
_b
Dokuz Yayınları
999
_c
684779
_d
684779